000 00436nam a2200145Ia 4500
008 180921t xxu||||| ||||o00| 0 eng d
041 _aeng
080 _aVol.3 1890-1900
245 _aordinances Nos : No.4 of 1897. An ordinance To Amend"The Police ordinance,1865." (Embodied In No.16 of 1865,Vol.1.,Page 495.)
300 _ap.517, 23 cm
650 _aPolice
942 _cBK
999 _c50555
_d50555
003 LK-CoDNM
040 _aLK-CoDNM
_dLK-CoDNM
_eLK-CoDNM